| 000 | 00641nam a2200205Ii 4500 | ||
|---|---|---|---|
| 003 | JO-AjNU | ||
| 008 | 230605s9999||||xx |||||||||||||| ||und|| | ||
| 017 | _a1980/1145 | ||
| 040 |
_aJO-AjNU _bara _erda _cJO-AjNU |
||
| 041 | _aara | ||
| 050 | 1 | 4 | _aPJ7846.A522.A17 1980 |
| 100 | 3 |
_aتأليف الماجدي،خزعل, _eauthor _916926 |
|
| 245 | 0 | 0 | _aيقظة دلمون: شعر |
| 264 | 3 | 1 | _aبيروت:دار الطليعة للطباعة والنشر،1980 |
| 300 | _a211ص | ||
| 336 |
_atext _btxt _2rdacontent |
||
| 337 |
_aunmediated _bn _2rdamedia |
||
| 338 |
_avolume _bnc _2rdacarrier |
||
| 650 | 4 |
_a الشعر العربي _916927 |
|
| 999 |
_aA5123 _c8691 _d8691 |
||